| 000 | 00945nam a22002537i 4500 | ||
|---|---|---|---|
| 003 | DO-SdBNP | ||
| 005 | 20250513102553.0 | ||
| 007 | ta | ||
| 008 | 250513b200? |||||||| |||| 00| 0 spa d | ||
| 020 | _a9789945290103 | ||
| 040 |
_aDO-SdBNP _bspa _cBNPHU _erda |
||
| 041 | _hspa | ||
| 082 |
_axxx _bS232m _222 |
||
| 100 | 1 |
_aSantana-Guzmán, José _eautor _983554 |
|
| 245 | 0 |
_aMunicipio San Antonio de Guerra : _b20 aniversario, primeras etapas de la vida político-administrativa, luego de la recuperación de la municipalidad / _cJosé Santana Guzmán, José Joaquín Colomé Reyes ; prólogo de Lulio Blancherd |
|
| 264 |
_aSanto Domingo: _bTiempo de Nosotros Editores _cfecha no identificada |
||
| 300 |
_a112 páginas : _bIlustraciones ; _c22 cm |
||
| 336 |
_ardacontent _btexto _2txt |
||
| 337 |
_ardamedia _bsin mediación _2n |
||
| 338 |
_ardacarrier _bvolumen _2nc |
||
| 590 | _aInventariado, 2025/DG | ||
| 910 | _aDG | ||
| 942 |
_2ddc _cLBS1 |
||
| 999 |
_c58396 _d58396 |
||